Le Reich allemand : De Bismarck à Hitler - 1848-1945 (notice n° 1950238)
[ vue normale ]
| 000 -LEADER | |
|---|---|
| fixed length control field | 01393cam a2200133 4500500 |
| 005 - DATE AND TIME OF LATEST TRANSACTION | |
| control field | 20260329031910.0 |
| 041 ## - LANGUAGE CODE | |
| Language code of text/sound track or separate title | fre |
| 042 ## - AUTHENTICATION CODE | |
| Authentication code | dc |
| 100 10 - MAIN ENTRY--PERSONAL NAME | |
| Personal name | Flonneau, Jean-Marie |
| Relator term | author |
| 245 00 - TITLE STATEMENT | |
| Title | Le Reich allemand : De Bismarck à Hitler - 1848-1945 |
| 260 ## - PUBLICATION, DISTRIBUTION, ETC. | |
| Name of publisher, distributor, etc. | Armand Colin,<br/> |
| Date of publication, distribution, etc. | 2003.<br/> |
| 520 ## - SUMMARY, ETC. | |
| Summary, etc. | Fondé par Bismarck, le Reich allemand a une brève existence - seulement 74 ans -, de 1871 à 1945, marquée par deux guerres mondiales particulièrement meurtrières, dont la seconde entraîne sa disparition. Sans faire de l'histoire à rebours en partant d'Auschwitz ni affirmer péremptoirement une voie particulière de modernisation économique sans modernisation politique libérale, il faut placer au coeur de l'histoire allemande la problématique des rapports entre nation et démocratie, unité et liberté. Comment l'Allemagne, pays divisé jusqu'au milieu du XIXe siècle, devient-elle, dans la seconde moitié du même siècle et la première du XXe , une grande puissance qui cherche son identité dans deux tentatives pour soumettre l'univers à son rêve d'hégémonie mondiale, au point d'aller jusqu'à autodestruction ? Comment cet État national tard venu verse-t-il dans la catastrophe hitlérienne, régime totalitaire criminel unique dans l'histoire ? |
| 856 41 - ELECTRONIC LOCATION AND ACCESS | |
| Uniform Resource Identifier | <a href="https://shs.cairn.info/le-reich-allemand--9782200262334?lang=fr&redirect-ssocas=7080">https://shs.cairn.info/le-reich-allemand--9782200262334?lang=fr&redirect-ssocas=7080</a> |
Pas d'exemplaire disponible.




Réseaux sociaux